QUERÉTARO DEVASTADO (Registro nro. 68652)

Detalles MARC
000 -CABECERA
campo de control de longitud fija 00987nam a22002537a 4500
003 - IDENTIFICADOR DEL NÚMERO DE CONTROL
campo de control BPGM
008 - DATOS DE LONGITUD FIJA--INFORMACIÓN GENERAL
campo de control de longitud fija 260619b2007 mx ||||| |||| 001 0 spa d
020 ## - NÚMERO INTERNACIONAL ESTÁNDAR DEL LIBRO
Número Internacional Estándar del Libro 968-845-319-8
040 ## - FUENTE DE LA CATALOGACIÓN
Centro catalogador/agencia de origen QUERÉTARO
Lengua de catalogación spa
041 ## - CÓDIGO DE LENGUA
Código de lengua del texto/banda sonora o título independiente spa
082 04 - NÚMERO DE LA CLASIFICACIÓN DECIMAL DEWEY
Número de edición 920.72/
Número de clasificación G984g
100 ## - ENTRADA PRINCIPAL--NOMBRE DE PERSONA
Nombre de persona GUITIERREZ GRAGEDA, BLANCA
245 ## - MENCIÓN DE TÍTULO
Título QUERÉTARO DEVASTADO
Resto del título FIN DEL SEGUNDO IMPERIO
250 ## - MENCIÓN DE EDICIÓN
Mención de edición PRIMERA EDICION
Resto de la mención de edición 2007
260 ## - PUBLICACIÓN, DISTRIBUCIÓN, ETC.
Lugar de publicación, distribución, etc. QUERÉTARO ;
Nombre del editor, distribuidor, etc. iEQ ,
Fecha de publicación, distribución, etc. 2007 .
300 ## - DESCRIPCIÓN FÍSICA
Extensión 279 páginas
Dimensiones 21.4 cm x 17 cm
336 ## - TIPO DE CONTENIDO
Fuente rdacontent
Término de tipo de contenido texto
Código de tipo de contenido txt
337 ## - TIPO DE MEDIO
Fuente rdamedia
Nombre/término del tipo de medio sin mediación
Código del tipo de medio n
338 ## - TIPO DE SOPORTE
Fuente rdacarrier
Nombre/término del tipo de soporte volumen
Código del tipo de soporte nc
505 ## - NOTA DE CONTENIDO CON FORMATO
Nota de contenido con formato EL LIBRO ANALIZA LA CAÍDA DEL IMPERIO DE MAXIMILIANO DE AUSTRIA EN 1867, PERO NO DESDE LA PERSPECTIVA DE LOS GRANDES HÉROES O LAS ESTRATEGIAS MILITARES, SINO DESDE EL IMPACTO HUMANO, ECONÓMICO Y SOCIAL QUE SUFRIÓ LA POBLACIÓN CIVIL DE QUERÉTARO.
650 ## - PUNTO DE ACCESO ADICIONAL DE MATERIA--TÉRMINO DE MATERIA
Término de materia o nombre geográfico como elemento de entrada GEOGRAFÍA E HISTORIA
650 ## - PUNTO DE ACCESO ADICIONAL DE MATERIA--TÉRMINO DE MATERIA
Término de materia o nombre geográfico como elemento de entrada BIOGRAFÍA, GENEALOGÍA, INSIGNIAS
942 ## - ELEMENTOS DE PUNTO DE ACCESO ADICIONAL (KOHA)
Fuente del sistema de clasificación o colocación Dewey Decimal Classification
Tipo de ítem Koha Colección Querétaro
Existencias
Estado de retiro Estado de pérdida Fuente del sistema de clasificación o colocación Estado dañado No para préstamo Código de colección Localización permanente Ubicación/localización actual Ubicación en estantería Fecha de adquisición Total de préstamos Signatura topográfica completa Fecha visto por última vez Número de copia Precio válido a partir de Tipo de ítem Koha
    Dewey Decimal Classification   Préstamo en Sala Colecciones Especiales (Quéretaro, IQM, Idiomas, SEP, Inea.) BIBLIOTECA PÚBLICA CENTRAL ESTATAL “FRANCISCO CERVANTES” BIBLIOTECA PÚBLICA CENTRAL ESTATAL “FRANCISCO CERVANTES” SALA QUERÉTARO ACCESO B PLANTA ALTA 06/19/2026   920.72 /G984g 06/19/2026 EJ.1 06/19/2026 Colección Querétaro